000
00361nam a2200133Ia 4500
008
100328s9999 xx 000 0 und d
082
_b
62936
100
_a
मांडके अलका.
245
_a
हृदयस्थ.
260
_b
ग्रंथाली.
630
_a
हृदयस्थ.
730
_a
हृदयस्थ.
942
_c
BOOK
999
_c
548865
_d
548862